Marketingové aktivity a diverzifikácia služieb v rodinnom podniku diplomová práca

Na minha lista:
Detalhes bibliográficos
Autor principal: Sabová, Viktória
Autor Corporativo: Podnikovohospodárska fakulta EU so sídlom v Košiciach. Katedra obchodného podnikania
Outros Autores: Andrejovský, Pavol, 1975-
Formato: Livro
Idioma:eslovaco
Publicado em: Košice 2024
Tags: Adicionar Tag
Sem tags, seja o primeiro a adicionar uma tag!

MARC

LEADER 00000nbm a2200000 4500
001 0301420
005 20250120142126.5
041 0 |a slo 
044 |a SK 
245 1 0 |a Marketingové aktivity a diverzifikácia služieb v rodinnom podniku  |b diplomová práca  |c Viktória Sabová ; školiteľ: Pavol Andrejovský 
264 1 |a Košice  |c 2024 
300 |a 67 s. 
100 1 |a Sabová, Viktória 
700 1 |a Andrejovský, Pavol, 1975- 
710 2 |a Podnikovohospodárska fakulta EU so sídlom v Košiciach. Katedra obchodného podnikania